00826nam a22001817a 4500003000900000008004100009040007100050082001500121100002000136245012600156260004400282300002600326505017500352650001300527650001500540700004900555710004000604AR-CdUCM190416b ||||| |||| 00| 0 spa d aMUNICIPALIDAD PROVINCIAL DEL CUSCOcBIBLIOTECA MUNICIPAL DEL CUSCO a547 /bH71 aHolum, John R.  aPrincipios de Fisicoquímica, Química Orgánica y Bioquímica :bIntroducción a las Bases Moleculares de la Vida / aMéxico :bLimusa-Wiley S. A. ;c1971. a789 páginas ;c23cm aContenido: Energía -- Los átomos y los elementos -- Las substancias y el cambio -- Las substancias y la estructura -- Las soluciones y las dispersiones coloidales...  aFísica aQuímica  aCorona Rodríguez, Hortensia (traducción) aCentro Regional de Ayuda Técnica